00742nab a2200205 uc450000100070000000500170000700800410002403500110006503500210007604000130009704100080011010000250011824500870014365000310023065000100026165000280027165000290029965000290032877301790035766497620240201163619.0010518e19970115 eng  a664976 a(OCoLC)819907970 ccomduadb aeng10aRomero, J.4auteaut10aOn the utility of a nuclear reaction to study nitrogen profiles in nitrided steels 7aReacciones nucleares2lemb aAcero aEnsayos no destructivos aAnálisis de materiales aSuperficies (Tecnologia)0 tInstrumentación y Desarrollo = Instrumentation and Development (México)gVol. 03, No. 07, 1997/Instrumentacion y Desarrollo (Mexico), p. 73-76w495014x0187-85490121145